Central Library OPAC University of Rajshahi

Interregional and international trade / (Record no. 7265)

MARC details
000 -LEADER
fixed length control field 00978mam a2200325 4500
001 - CONTROL NUMBER
control field 7265
003 - CONTROL NUMBER IDENTIFIER
rucl marc code BD-RjUL
005 - DATE AND TIME OF LATEST TRANSACTION
control field 20211208234405.0
008 - FIXED-LENGTH DATA ELEMENTS--GENERAL INFORMATION
fixed length control field 140113t19571933e a b 000 0 eng
035 ## - SYSTEM CONTROL NUMBER
System control number (OCoLC)ocm03138924
System control number (BD-RjUL)7308
System control number (NNC)1850195
040 ## - CATALOGING SOURCE
Original cataloging agency DLC
Transcribing agency OCP
Modifying agency NRC
-- NNC
-- BD-RjUL
Language of cataloging eng
041 ## - LANGUAGE CODE
Language code of text/sound track or separate title eng
082 00 - DEWEY DECIMAL CLASSIFICATION NUMBER
Classification number 382
Edition number 16
Author mark and year OHI 1957
100 1# - MAIN ENTRY--PERSONAL NAME
Personal name Ohlin, Bertil,
Dates associated with a name 1899-1979.
9 (RLIN) 8507
245 10 - TITLE STATEMENT
Title Interregional and international trade /
Statement of responsibility, etc. by Bertil Ohlin.
260 ## - PUBLICATION, DISTRIBUTION, ETC. (IMPRINT)
Place of publication, distribution, etc. Cambridge :
Name of publisher, distributor, etc. Harvard University Press,
Date of publication, distribution, etc. 1957, c1933
300 ## - PHYSICAL DESCRIPTION
Pagination xvii, 617 p. :
Illustrations ill. ;
Size 23 cm.
490 1# - SERIES STATEMENT
Series statement Harvard economic studies ;
Volume/sequential designation vol. XXXIX
504 ## - BIBLIOGRAPHY, ETC. NOTE
Bibliography, etc Bibliography: p. [595]-603.
650 #0 - SUBJECT ADDED ENTRY--TOPICAL TERM
Topical term or geographic name as entry element Prices.
9 (RLIN) 22697
Topical term or geographic name as entry element Commerce.
9 (RLIN) 22698
Topical term or geographic name as entry element Foreign exchange.
9 (RLIN) 22699
830 #0 - SERIES ADDED ENTRY--UNIFORM TITLE
Volume number/sequential designation v. 39.
Uniform title Harvard economic studies ;
942 ## - ADDED ENTRY ELEMENTS (KOHA)
Source of classification or shelving scheme Dewey Decimal Classification
Koha item type Books
Holdings
Lost status Source of classification or shelving scheme Damaged status Not for loan Collection code Permanent Location Current Location Shelving location Date acquired Source of acquisition Cost, normal purchase price Total Checkouts Full call number Date last seen Copy number Koha item type
  Dewey Decimal Classification     Non-fiction Central Library, University of Rajshahi Central Library, University of Rajshahi   15/03/1963 Zeitlinger 45.00   382 OHI 1957 13/01/2014 C-5 Books
  Dewey Decimal Classification     Non-fiction Central Library, University of Rajshahi Central Library, University of Rajshahi   15/03/1963 Zeitlinger 45.00   382 OHI 1957 24/08/2016 C-2 Books
  Dewey Decimal Classification     Non-fiction Central Library, University of Rajshahi Central Library, University of Rajshahi   07/11/1963 A. I. Quirishi 540.00   382 OHI 1933 28/08/2016 C-3 Books
  Dewey Decimal Classification   Not For Loan Non-fiction Central Library, University of Rajshahi Central Library, University of Rajshahi Reading Room 10/08/1955 O. U. P. 24.00   382 OHI 1952 17/01/2017 C-1 Books
  Dewey Decimal Classification     Non-fiction Central Library, University of Rajshahi Central Library, University of Rajshahi   15/03/1963 Zeithlinger. 45.00   382 OHI 1957 17/01/2017 C-6 Books